00413nam a2200169Ia 4500008004000000020001800040041000800058082001600066100002100082245004100103260003200144300001400176650001500190650001600205650001400221650000800235210210b2013 xxu||||| |||| 00| 0 eng d a9781842657621 aeng a333.79 BAIB aBAILIANG (Zhang) aBioenergy technology and engineering aBejingbScience Pressc2013 axxiii,808 atechnology aengineering aBioenergy aand